Suppression of scavengers / (Record no. 88384)

MARC details
000 -LEADER
fixed length control field 00601nam a22001937a 4500
005 - DATE AND TIME OF LATEST TRANSACTION
control field 20140910150258.0
010 ## - LCCN (DPL NO)
LC control number ENG-110768
020 ## - INTERNATIONAL STANDARD BOOK NUMBER
International Standard Book Number 9788183876629
Terms of availability 550.00
035 ## - SYSTEM CONTROL NUMBER
System control number EN-94300
037 ## - SOURCE OF ACQUISITION
Source of stock number/acquisition DBAD/PUB
082 ## - DEWEY DECIMAL CLASSIFICATION NUMBER
Classification number 363.728095482
100 ## - MAIN ENTRY--PERSONAL NAME
Personal name Mani, N.
245 ## - TITLE STATEMENT
Title Suppression of scavengers /
Statement of responsibility, etc by N. Mani
260 ## - PUBLICATION, DISTRIBUTION, ETC. (IMPRINT)
Place of publication, distribution, etc New Delhi
Name of publisher, distributor, etc Serials Publications
Date of publication, distribution, etc 2014
270 ## - ADDRESS
Address 4830/24, Prahlad Street, Ansari Road, Darya Ganj
City New Delhi
Postal code 110002
300 ## - PHYSICAL DESCRIPTION
Extent ix,142p.
Dimensions 23cm(Hb)
500 ## - GENERAL NOTE
General note Includes bibliographical references
942 ## - ADDED ENTRY ELEMENTS (KOHA)
Source of classification or shelving scheme Dewey Decimal Classification
Item type English Books
Classification part 363.728095482
Call number suffix MAN
Holdings
Withdrawn status Lost status Not for loan Collection code Home library Current library Date acquired Source of acquisition Cost, normal purchase price Full call number Barcode Copy number Cost, replacement price Koha item type
    Not For Loan Non-fiction D.B.Act.Division D.B.Act.Division 08/09/2014 DBAD/PUB 550.00 363.728095482 MAN EN-94300 1 550.00 English Books

© Delhi Public Library
Hit Counter
free hit counter